000 00206 a2200097 4500
001 20505
100 _aKostenko M
245 _aElectrical Machines
260 _a
_bMir Publishers
_c
090 _c14902
_d14902
942 _aNUST-CAE
_cM
_c5450
999 _c255578
_d255578